Die teuersten Fußballtransfers - Flügelstürmer - Statistiken

Allgemein
  • Dieses Quiz wurde 116 mal gespielt
  • Das Durchschnittsergebnis liegt bei 10 aus 10
Antwortstatistiken
Ablöse (M €) Saison Nationalität Abgebender Verein Aufnehmender Verein Spieler % Korrekt
115,00 2019-2020 Belgien FC Chelsea Real Madrid Eden Hazard
100%
101,00 2013-2014 Wales Tottenham Real Madrid Gareth Bale
100%
85,00 2021-2022 England Borussia Dortmund Manchester United Jadon Sancho
100%
222,00 2017-2018 Brasilien FC Barcelona Paris SG Neymar
100%
90,00 2023-2024 Brasilien Paris SG Al-Hilal Neymar
100%
89,00 2013-2014 Brasilien FC Santos FC Barcelona Neymar
100%
135,00 2017-2018 Frankreich Borussia Dortmund FC Barcelona Ousmane Dembélé
99%
117,50 2021-2022 England Aston Villa Manchester City Jack Grealish
97%
95,00 2022-2023 Brasilien Ajax Amsterdam Manchester United Antony
95%
127,20 2019-2020 Portugal Benfica Atlético Madrid João Félix
94%
Keine übereinstimmenden Quizze gefunden
Verteilung der Resultate
Anzahl Personen mit jedem Resultat
Perzentil nach korrekt beantworteten Fragen
Ihre Resultats-Entwicklung
Sie haben dieses Quiz noch nicht gespielt